00315nam a2200097 a 4500008004100000050002400041100001800065245008600083260003900169350000900208100804s2001 ||||||||||||||||| || u aPAPERS/STAFF/NGAMBI aNgambi, Aaron10a14th World University games report held in ZAGREB- Yugoslavia 8th--19th July 1989 aKitwebCopperbelt Universityc2001 a0.00